MARC

LEADER 00000nam0a2200000 4500
001 26780
005 20231101205742.0
010 |a 5040045417 
035 |a (RuTPU)RU\TPU\book\27024 
035 |a BOOK00027099 
090 |a 26780 
100 |a 20011209d2000 k y0rusy50 ca 
101 1 |a rus  |c eng 
102 |a RU 
105 |a y z 000zy 
200 1 |a Язык разговора  |e пер. с англ.  |f А. Пиз, А. Гарнер 
210 |a Москва  |c ЭКСМО-Пресс  |d 2000 
215 |a 224 с. 
225 1 |a Психологический бестселлер 
606 1 |a Общение  |x Психология  |2 stltpush  |3 (RuTPU)RU\TPU\subj\46642  |9 65759 
610 1 |a психология 
610 1 |a социальная психология 
610 1 |a личность 
610 1 |a разговор 
610 1 |a жесты 
610 1 |a невербальные сигналы 
686 |a Ю953  |v LBC/SL-A  |2 rubbk 
700 1 |a Пиз  |b А.  |g Аллан 
701 1 |a Гарнер  |b А.  |g Алан 
801 0 |a RU  |b 63413507  |c 20011209  |g PSBO 
801 2 |a RU  |b 63413507  |c 20190207  |g PSBO 
900 |a Речевая коммуникация 
900 |a Основы физиогномики и кинесики 
942 |c BK